<?xml version="1.0" encoding="UTF-8"?>
<marc:record xmlns:marc="http://www.loc.gov/MARC21/slim">
   <marc:leader>00000nam a2200000 a 4500</marc:leader>
   <marc:datafield ind1="1" ind2=" " tag="100">
      <marc:subfield code="a">Hof, Christiane</marc:subfield>
      <marc:subfield code="4">aut</marc:subfield>
      <marc:subfield code="e">Verfasser/-in</marc:subfield>
   </marc:datafield>
   <marc:datafield ind1="1" ind2=" " tag="100">
      <marc:subfield code="a">Hof, Bernhard</marc:subfield>
      <marc:subfield code="4">aut</marc:subfield>
      <marc:subfield code="e">Verfasser/-in</marc:subfield>
   </marc:datafield>
   <marc:datafield ind1=" " ind2=" " tag="653">
      <marc:subfield code="a">Lactoseintoleranz</marc:subfield>
   </marc:datafield>
   <marc:datafield ind1=" " ind2=" " tag="653">
      <marc:subfield code="a">Kochbuch</marc:subfield>
   </marc:datafield>
   <marc:datafield ind1="0" ind2="0" tag="245">
      <marc:subfield code="a">Köstlich essen bei Laktose-Intoleranz</marc:subfield>
   </marc:datafield>
   <marc:datafield ind1="0" ind2="0" tag="245">
      <marc:subfield code="b">wie Sie Milchzucker einfach meiden ; vom Snack bis zum Festtagsmenü ; über 130 Rezepte</marc:subfield>
   </marc:datafield>
   <marc:datafield ind1="0" ind2="0" tag="245">
      <marc:subfield code="c">Christiane Hof ; Bernhard Hof</marc:subfield>
   </marc:datafield>
   <marc:datafield ind1=" " ind2="1" tag="264">
      <marc:subfield code="a">Stuttgart</marc:subfield>
      <marc:subfield code="b">TRIAS</marc:subfield>
      <marc:subfield code="c">2008</marc:subfield>
   </marc:datafield>
   <marc:datafield ind1=" " ind2=" " tag="250">
      <marc:subfield code="a">1. Aufl.</marc:subfield>
   </marc:datafield>
   <marc:datafield ind1="1" ind2=" " tag="520">
      <marc:subfield code="a">Angaben aus der Verlagsmeldung

Köstlich essen bei Laktose-Intoleranz : Wie Sie Milchzucker einfach meiden. Vom Snack zum Festtagsmenü: über 130 Rezepte. Mit Einkaufslisten / von Christiane Hof

12 Millionen Menschen, die an Laktose-Intoleranz leiden, müssen den Milchzucker konsequent meiden. Nun gibt es für diese sehr große Zielgruppe endlich ein passendes Kochbuch. Mit über 130 Rezept-Ideen, die exakt auf ihre Bedürfnisse zugeschnitten sind. Die Autorin hat viele Rezepte neu entwickelt oder abgewandelt. Neben Vorschlägen zu allen Mahlzeiten und Ideen zu Festen gibt es auch viele praktische Tipps zum milchzuckerfreien Einkaufen und Kochen.
Christiane Hof ist gelernte Arzthelferin. Ihre Tochter und ihr Ehemann sind von Laktose-Intoleranz betroffen. Seit über 20 Jahren kocht sie konsequent laktosefrei.
</marc:subfield>
   </marc:datafield>
   <marc:datafield ind1=" " ind2=" " tag="020">
      <marc:subfield code="a">9783830434313</marc:subfield>
      <marc:subfield code="9">9783830434313</marc:subfield>
   </marc:datafield>
   <marc:datafield ind1=" " ind2=" " tag="041">
      <marc:subfield code="a">ger</marc:subfield>
   </marc:datafield>
   <marc:datafield ind1=" " ind2=" " tag="300">
      <marc:subfield code="a">159 S.</marc:subfield>
   </marc:datafield>
</marc:record>
